|
|
|
|
| LEADER |
00000nam0a2200000 4500 |
| 001 |
130891 |
| 005 |
20231101220253.0 |
| 010 |
|
|
|a 5796605089
|
| 035 |
|
|
|a (RuTPU)RU\TPU\book\141761
|
| 090 |
|
|
|a 130891
|
| 100 |
|
|
|a 20080209d1991 m y0rusy50 ca
|
| 101 |
0 |
|
|a rus
|
| 102 |
|
|
|a LV
|
| 105 |
|
|
|a a z 001zy
|
| 200 |
1 |
|
|a Расчёт резиновых элементов конструкций
|f С. И. Дымников
|g Рижский технический университет
|
| 210 |
|
|
|a Рига
|c Зинатне
|d 1991
|
| 215 |
|
|
|a 277 с.
|c ил.
|
| 320 |
|
|
|a Библиогр.: с. 270-275.
|
| 610 |
1 |
|
|a резиновые элементы
|
| 610 |
1 |
|
|a расчеты
|
| 610 |
1 |
|
|a упругость
|
| 610 |
1 |
|
|a деформации
|
| 610 |
1 |
|
|a задачи
|
| 610 |
1 |
|
|a конструкции
|
| 675 |
|
|
|a 678.4.06
|v 3
|
| 700 |
|
1 |
|a Дымников
|b С. И.
|g Сергей Иванович
|
| 712 |
0 |
2 |
|a Рижский технический университет
|2 stltpush
|3 (RuTPU)RU\TPU\col\10496
|9 24851
|
| 801 |
|
1 |
|a RU
|b 63413507
|c 20080209
|g PSBO
|
| 801 |
|
2 |
|a RU
|b 63413507
|c 20150311
|g PSBO
|
| 942 |
|
|
|c BK
|